=LDR 00000nam 2200000 4500 =001 INLIS000000000008651 =005 20130612100508 =008 ***********************************Ind** =035 ##$$0010-061300000008651 =041 ##$$a Ind =082 ##$$a 372.6 =090 ##$$a 372.66bJun i =100 ##$$a Junaidi =245 ##$$a Let's Start English 2B, Junaidi, SS =260 ##$$a 1994 $b Jakarta =300 ##$$a 96 hlm, 21 cm =650 ##$$a Bahasa Inggris =850 ##$$a NBPNMAT